| 000 | 01840cam a22004934i 4500 | ||
|---|---|---|---|
| 003 | PE-LiUPU | ||
| 005 | 20250731165547.0 | ||
| 008 | 150625s r 000 0 d | ||
| 035 | _a(Sirsi) a34173 | ||
| 035 | _a(Sirsi) a34173 | ||
| 040 |
_aPE-LiUPU _bspa _cPE-LiUPU _erda |
||
| 082 | 0 | 4 |
_a225.7 _bBST _221 |
| 100 | 1 |
_aStott, John R. W., _eautor. |
|
| 245 | 1 | 4 |
_aThe message of the sermon on the mount (Matthew 5- 7). _n1 / _cJohn R. W. Stott. |
| 264 | 1 |
_aIllinois : _bInter-Varsity Press, _c1973. |
|
| 300 |
_a222 páginas ; _c21 cm. |
||
| 336 |
_atext _2rdacontent |
||
| 337 |
_aunmediated _2rdamedia |
||
| 338 |
_avolume _2rdacarrier |
||
| 505 | 0 | _aA Christian´s character. -A Christian´s influence. -A Christian´s righteousness. -A Christian´s religion. -A Christian´s prayer. -A Christian´s ambition. -A Christian´s relationships. -A Christian´s commitment. | |
| 526 | _aSEG44 | ||
| 526 | _aSEG26 | ||
| 526 | _aP151 | ||
| 526 | _aP150 | ||
| 526 | _aP149 | ||
| 526 | _aP146 | ||
| 526 | _aP145 | ||
| 526 | _aP126 | ||
| 526 | _aP125 | ||
| 526 | _aP92 | ||
| 526 | _aP75 | ||
| 526 | _aP74 | ||
| 526 | _aP27 | ||
| 526 | _aP15 | ||
| 630 |
_aBiblia. _pN.T. _pMateo 5-7 _xComentarios. |
||
| 650 | 0 | 4 |
_aSermón de la montaña. _91528 |
| 910 | _a | ||
| 942 |
_2ddc _cBOOK |
||
| 949 |
_aRC 225.7 BST 1 _wDEWEY _c1 _i37877 _lRC _mBUL _r0 _sY _tBOOK _u2015-6-25 _xBIBLIOTECA _zUNKNOWN _0COMPRA _o.CIRCNOTE. No olvidar cambiar la fecha de devolución!!!!!!! _o.STAFF. Colección General |
||
| 994 |
_aC0 _bPEPRU |
||
| 596 | _a1 | ||
| 999 |
_aRC 225.7 BST 1 _wDEWEY _c42001 _i37877 _d42001 _f2021-11-8 _g6 _lCCODEBUL1 _mBUL _q5 _r1 _sY _tBOOK _u2015-6-25 _xTEOLOGIA _zUNKNOWN _0COMPRA _o.CIRCNOTE. No olvidar cambiar la fecha de devolución!!!!!!! _o.STAFF. Colección General |
||
| 980 |
_81 _gALBERTO SANCHEZ Responsable de Automatización |
||